[Event "46th GRE-chT Premier 2018"]
[Site "Rio Achaia"]
[Date "2018.07.10"]
[Round "1"]
[White "Kofidis, Andreas"]
[Black "Karapiperis, Alexandros"]
[Result "1/2-1/2"]
[WhiteElo "2321"]
[BlackElo "1973"]
[Annotator "NA"]
[PlyCount "139"]
[EventDate "2018.07.10"]
[EventType "team-tourn"]
[EventCountry "GRE"]
[SourceTitle "playchess.com"]
[Source "ChessBase"]
[SourceQuality "1"]
[TimeControl "40/5400+30:1800+30"]

1. e4 {[%emt 0:04:13]} e5 {[%emt 0:00:00]} 2. Nf3 {[%emt 0:00:06]} Nc6 {[%emt 0:00:00]} 3. Nc3 {[%emt 0:00:05]} Nf6 {[%emt 0:00:10]} 4. Bb5 {[%emt 0:00:05]} Bb4 {[%emt 0:00:25]} 5. O-O {[%emt 0:00:17]} O-O {[%emt 0:00:19]} 6. d3 {[%emt 0:00:12]} Bxc3 {[%emt 0:00:40]} 7. bxc3 {[%emt 0:00:05]} d6 {[%emt 0:00:17]} 8. h3 {[%emt 0:02:04]} Ne7 {[%emt 0:04:42]} 9. Re1 {[%emt 0:01:25]} a6 {[%emt 0:01:56]} 10. Bc4 {[%emt 0:00:37]} b5 {[%emt 0:00:07]} 11. Bb3 {[%emt 0:00:06]} Ng6 {[%emt 0:01:17]} 12. a4 {[%emt 0:01:28]} Bb7 {[%emt 0:01:15]} 13. Bd2 {[%emt 0:08:32]} c5 {[%emt 0:03:33]} 14. axb5 {[%emt 0:08:35]} axb5 {[%emt 0:00:08]} 15. c4 {[%emt 0:00:09]} b4 {[%emt 0:01:25]} 16. Bg5 {[%emt 0:07:48]} Rxa1 {[%emt 0:04:43]} 17. Qxa1 {[%emt 0:00:06]} h6 {[%emt 0:00:08]} 18. Bd2 {[%emt 0:01:33]} Nh5 {[%emt 0:02:14]} 19. c3 {[%emt 0:09:33]} bxc3 {[%emt 0:01:17]} 20. Qxc3 {[%emt 0:00:04]} Nhf4 {[%emt 0:03:51]} 21. Bd1 {[%emt 0:02:57]} Qf6 {[%emt 0:03:39]} 22. Kh2 {[%emt 0:08:26]} Bc8 {[%emt 0:02:37]} 23. Ng1 {[%emt 0:03:56]} Nh4 {[%emt 0:20:40]} 24. g3 {[%emt 0:01:22]} Nxd3 {[%emt 0:00:05]} 25. Rf1 {[%emt 0:00:16]} Nxf2 {[%emt 0:00:35]} 26. gxh4 {[%emt 0:00:36]} Nxd1 {[%emt 0:05:58]} 27. Qd3 {[%emt 0:01:57]} Nb2 {[%emt 0:05:12]} 28. Qb1 {[%emt 0:00:13]} Qe6 {[%emt 0:01:55]} 29. Qxb2 {[%emt 0:00:31]} Qxc4 {[%emt 0:00:05]} 30. Re1 {[%emt 0:02:04]} f5 {[%emt 0:02:41]} 31. Qc3 {[%emt 0:03:11]} Qe6 {[%emt 0:04:35]} 32. exf5 {[%emt 0:03:52]} Qxf5 {[%emt 0:00:13]} 33. Be3 {[%emt 0:00:14]} Kh8 {[%emt 0:06:21]} 34. Re2 {[%emt 0:03:14]} Bb7 {[%emt 0:03:15]} 35. Qc2 {[%emt 0:00:34]} Qe6 {[%emt 0:02:16]} 36. Rf2 {[%emt 0:00:47]} Rxf2+ {[%emt 0:01:01]} 37. Qxf2 {[%emt 0:00:13]} c4 {[%emt 0:01:26]} 38. Ne2 {[%emt 0:04:08]} d5 {[%emt 0:02:07]} 39. Qf8+ {[%emt 0:08:35]} Kh7 {[%emt 0:00:09]} 40. Qf3 {[%emt 0:00:00]} Bc6 {[%emt 0:00:00]} 41. Qg4 {[%emt 0:02:36]} Qf7 {[%emt 0:08:49]} 42. Qg3 {[%emt 0:08:57]} Qf6 {[%emt 0:02:08]} 43. Qf2 {[%emt 0:00:53]} Qg6 {[%emt 0:04:07]} 44. Bc5 {[%emt 0:10:29]} Bd7 {[%emt 0:05:05]} 45. Qg3 {[%emt 0:04:20]} Qe4 {[%emt 0:14:04]} 46. Nc3 {[%emt 0:01:10]} Qc2+ {[%emt 0:00:05]} 47. Kg1 {[%emt 0:00:07]} d4 {[%emt 0:01:05]} 48. Bf8 {[%emt 0:01:45]} Qg6 {[%emt 0:00:13]} 49. Ne4 {[%emt 0:04:58]} Qxg3+ {[%emt 0:03:04]} 50. Nxg3 {[%emt 0:00:05]} c3 {[%emt 0:00:25]} 51. Kf2 {[%emt 0:03:28]} Bc6 {[%emt 0:08:40]} 52. h5 {[%emt 0:07:10]} d3 {[%emt 0:01:54]} 53. Nf1 {[%emt 0:01:29]} d2 {[%emt 0:02:33]} 54. Nxd2 {[%emt 0:00:09]} cxd2 {[%emt 0:00:05]} 55. Ke2 {[%emt 0:00:03]} Bg2 {[%emt 0:00:26]} 56. h4 {[%emt 0:00:11]} Bf3+ {[%emt 0:00:05]} 57. Kxd2 {[%emt 0:00:04]} Bxh5 {[%emt 0:00:03]} 58. Bd6 {[%emt 0:00:21]} e4 {[%emt 0:00:05]} 59. Ke3 {[%emt 0:00:04]} Bf3 {[%emt 0:00:07]} 60. Kf4 {[%emt 0:00:30]} Kg6 {[%emt 0:00:14]} 61. Be5 {[%emt 0:01:20]} Kf7 {[%emt 0:01:04]} 62. Bd4 {[%emt 0:00:16]} g6 {[%emt 0:00:38]} 63. Bc3 {[%emt 0:00:29]} Ke6 {[%emt 0:02:10]} 64. Bg7 {[%emt 0:03:47]} g5+ {[%emt 0:00:08]} 65. hxg5 {[%emt 0:00:05]} h5 {[%emt 0:00:04]} 66. g6 {[%emt 0:00:05]} h4 {[%emt 0:00:18]} 67. Bd4 {[%emt 0:00:08]} h3 {[%emt 0:00:13]} 68. Kg3 {[%emt 0:00:06]} Bg4 {[%emt 0:00:33]} 69. Kh2 {[%emt 0:00:38]} Kd5 {[%emt 0:01:05]} 70. Be3 {[%emt 0:00:37]} 1/2-1/2

[Event "46th GRE-chT Premier 2018"]
[Site "Rio Achaia"]
[Date "2018.07.10"]
[Round "1"]
[White "Bednarek, Sylwester"]
[Black "Fedorchuk, Sergey A"]
[Result "1-0"]
[WhiteElo "2307"]
[BlackElo "2626"]
[Annotator "TA"]
[PlyCount "69"]
[EventDate "2018.07.10"]
[EventType "team-tourn"]
[EventCountry "GRE"]
[SourceTitle "playchess.com"]
[Source "ChessBase"]
[SourceQuality "1"]

{[%evp 19,69,-39,-27,-33,-29,-46,-39,-59,-64,-67,-67,-72,-41,-62,-38,-77,-58,-87,-70,-70,-72,-75,-40,-52,-40,-44,-40,-67,-49,-42,-52,-88,-50,-35,-13,-16,58,0,395,397,660,649,656,645,728,704,942,941,29996,29997,29998,29999]} 1. d4 Nf6 2. Bg5 e6 3. e4 h6 4. Bxf6 Qxf6 5. c3 d6 6. Bd3 g6 {A45: Trompowsky Attack} 7. Ne2 Bg7 8. O-O Qe7 (8... O-O 9. f4 Qe7 10. e5 b6 11. Nd2 Bb7 12. Be4 Bxe4 13. Nxe4 Rd8 14. Qe1 {0-1 (62) Moiseenko,A (2667)-Wang,Y (2690) Riadh 2017}) 9. f4 e5 10. dxe5 dxe5 {LiveBook: 4 Games} 11. f5 O-O 12. Na3 $146 ({Predecessor:} 12. Ng3 Nd7 13. Qf3 Nf6 14. Na3 {0-1 (31) Mitev,V (2242)-Ivic,V (2432) Paracin 2018}) 12... Nd7 13. Bc4 {aiming for fxg6.} Kh7 14. Ng3 Nf6 15. Qe2 c6 16. Nc2 b5 17. Bb3 a5 {[%cal Ba7a5,Ba5a4][%mdl 32] Hoping for ...a4.} 18. Ne3 a4 19. Bc2 h5 20. Rf3 Bd7 21. a3 Rad8 22. Kh1 Bc8 23. Rg1 Bh6 24. Ngf1 Rg8 25. Rh3 Qc5 26. g4 {Threatens to win with g5.} gxf5 27. exf5 Rg5 ({Black should try} 27... Bb7 $11 28. g5 Rxg5 29. Rxg5 Bxg5 30. Rxh5+ Bh6) 28. Rhg3 ({White should play} 28. Ng3 $14) 28... hxg4 $2 {[%mdl 8192]} (28... Bb7 $11 {and Black stays safe.}) 29. Nxg4 $18 Qd5+ $2 {[#]} (29... Nxg4 30. Rxg4 Qd5+ 31. R1g2 (31. Be4 Qd1 $14) 31... f6) 30. R1g2 $1 Nxg4 31. Rxg4 Rxg4 32. Qxg4 Qc4 {[#]} 33. Qh5 $1 {White threatens f6+ and mate.} Rf8 34. f6+ e4 35. Rg7+ {Precision: White = 66%, Black = 43%.} 1-0

[Event "46th GRE-chT Premier 2018"]
[Site "Rio Achaia"]
[Date "2018.07.10"]
[Round "1"]
[White "Trimitzios, Petros"]
[Black "Grivas, Efstratios"]
[Result "0-1"]
[WhiteElo "2300"]
[BlackElo "2431"]
[Annotator "TA"]
[PlyCount "132"]
[EventDate "2018.07.10"]
[EventType "team-tourn"]
[EventCountry "GRE"]
[SourceTitle "playchess.com"]
[Source "ChessBase"]
[SourceQuality "1"]

{[%evp 25,132,5,33,41,64,52,60,24,79,50,116,109,96,48,79,76,79,90,106,70,71,71,63,70,48,62,65,66,75,57,65,69,31,23,25,0,0,0,0,0,0,0,0,0,0,0,0,0,0,0,0,0,0,0,0,0,0,0,0,0,0,0,0,-15,-8,-15,-15,-88,-8,-8,-8,-8,-8,-8,-8,-8,-8,-8,-8,-8,-8,-8,-8,-8,-8,-114,-113,-114,-114,-114,-8,-8,-8,-8,-8,-8,-8,-8,-8,-29976,-29977,-29979,-29980,-29980,-29981,-29981,-29982,-29982,-29983]} 1. Nf3 d6 2. d4 f5 3. c4 Nf6 4. g3 g6 5. Bg2 Bg7 6. O-O O-O 7. Nc3 Qe8 8. d5 Na6 9. Nd4 Bd7 10. Rb1 c6 11. b3 Nc7 12. Bb2 c5 13. Nc2 {A87: Dutch Defence: Leningrad System: 5 Nf3} (13. Nf3 b5 14. cxb5 Nxb5 15. Nxb5 Bxb5 16. Ng5 Bd7 17. Bc3 h6 18. Ne6 Bxe6 19. dxe6 Rb8 20. Bxf6 {½-½ (20) Fridman,R (2507)-Jakubiec,A (2528) Germany 2012}) 13... a6 {LiveBook: 3 Games} 14. e4 f4 $146 ({Predecessor:} 14... b5 15. e5 dxe5 16. d6 exd6 17. Bxa8 Qxa8 18. Qxd6 b4 19. Qxc7 bxc3 20. Bxc3 Qf3 21. Bxe5 Bc6 {0-1 (21) Schmied,A (2162)-Hartvig,O (2289) Copenhagen 1999}) 15. gxf4 {White is slightly better.} Nh5 16. Ne2 Nxf4 (16... Bxb2 $11 17. Rxb2 Nxf4) 17. Nxf4 Rxf4 (17... Bxb2 $1 $14 18. Ne6 Bxe6) 18. Bxg7 $16 Kxg7 19. Ne1 e5 20. Nd3 Rf7 21. Qd2 Qe7 22. f4 exf4 23. Rxf4 Rxf4 24. Qxf4 Rf8 25. Qg3 Ne8 26. Re1 b6 27. e5 Bf5 28. Nf4 {Threatens to win with exd6.} Kg8 29. Ne6 Bxe6 30. exd6 Nxd6 31. Rxe6 Qg7 32. Qe5 Qxe5 33. Rxe5 Re8 34. Rxe8+ Nxe8 $11 {[%mdl 4096] Endgame KB-KN} 35. Kf2 Kf7 36. Ke3 Kf6 37. Ke4 Nd6+ 38. Kf4 g5+ 39. Kg4 Kg6 40. Kf3 h5 41. Bf1 Kf6 42. Bd3 Nf7 43. Ke4 Nd6+ 44. Kf3 b5 45. cxb5 axb5 46. a4 {[#]} (46. Be2 $11 {remains equal.}) 46... bxa4 (46... c4 $1 $17 {[%cal Rc4d3]} 47. Bc2 Ke5) 47. bxa4 c4 48. Bc2 Ke5 49. a5 Kxd5 50. a6 Kc6 {next ...Kb6 is good for Black.} 51. Bg6 $1 c3 {Hoping for ...Kb6.} 52. Ke3 h4 53. Kd3 g4 {...Kb6 is the strong threat.} 54. Bh5 {[#]} Ne4 $1 {[%mdl 512] Strongly threatening ...Nf6.} 55. Be8+ (55. Bf7 $1 $11 {was the only way to keep the balance.} Kb6 56. Bd5) (55. Kxe4 c2) 55... Kb6 $17 56. a7 Kxa7 57. Bc6 {[#]} Nd2 (57... Nf6 $1 $17 58. Kxc3 Kb6) 58. Kxc3 $11 Nf1 59. h3 gxh3 60. Kd3 Kb6 61. Ba8 h2 (61... Ng3 $5 62. Ke3 $8 Kc5 $11) 62. Ke2 $2 {[%mdl 8192]} (62. Bg2 $11) 62... Ng3+ {Black mates.} 63. Kf2 h1=Q 64. Bxh1 Nxh1+ 65. Kf3 Ng3 66. Kg4 {[#]} Nf5 $1 {Precision: White = 58%, Black = 65%.} 0-1

[Event "46th GRE-chT Premier 2018"]
[Site "Rio Achaia"]
[Date "2018.07.10"]
[Round "1"]
[White "Dimitrov, Atanas"]
[Black "Naoum, Spyridon"]
[Result "0-1"]
[WhiteElo "2294"]
[BlackElo "2335"]
[Annotator "NA"]
[PlyCount "98"]
[EventDate "2018.07.10"]
[EventType "team-tourn"]
[EventCountry "GRE"]
[SourceTitle "playchess.com"]
[Source "ChessBase"]
[SourceQuality "1"]
[TimeControl "40/5400+30:1800+30"]

1. Nf3 {[%emt 0:00:00]} Nf6 {[%emt 0:03:07]} 2. g3 {[%emt 0:00:07]} g6 {[%emt 0:00:05]} 3. Bg2 {[%emt 0:00:09]} Bg7 {[%emt 0:00:03]} 4. O-O {[%emt 0:00:42]} O-O {[%emt 0:00:05]} 5. d4 {[%emt 0:05:53]} d6 {[%emt 0:00:08]} 6. Nc3 {[%emt 0:04:23]} Nc6 {[%emt 0:03:01]} 7. h3 {[%emt 0:15:41]} e5 {[%emt 0:06:07]} 8. dxe5 {[%emt 0:08:52]} dxe5 {[%emt 0:00:06]} 9. e4 {[%emt 0:00:11]} Be6 {[%emt 0:01:02]} 10. Be3 {[%emt 0:00:53]} Qe7 {[%emt 0:07:41]} 11. Qe2 {[%emt 0:14:12]} Rfd8 {[%emt 0:05:15]} 12. Ng5 {[%emt 0:04:31]} Nd4 {[%emt 0:03:12]} 13. Bxd4 {[%emt 0:00:51]} exd4 {[%emt 0:00:57]} 14. Nxe6 {[%emt 0:00:33]} Qxe6 {[%emt 0:03:40]} 15. Na4 {[%emt 0:07:53]} Nd7 {[%emt 0:06:57]} 16. Rad1 {[%emt 0:11:31]} Qxa2 {[%emt 0:02:37]} 17. b3 {[%emt 0:00:05]} Qa3 {[%emt 0:17:23]} 18. e5 {[%emt 0:00:44]} Nxe5 {[%emt 0:11:14]} 19. Bxb7 {[%emt 0:06:46]} Rab8 {[%emt 0:00:01]} 20. Ba6 {[%emt 0:07:48]} c5 {[%emt 0:05:43]} 21. f4 {[%emt 0:02:33]} Nc6 {[%emt 0:02:43]} 22. Rfe1 {[%emt 0:01:05]} Na5 {[%emt 0:04:19]} 23. Bc4 {[%emt 0:05:19]} Rf8 {[%emt 0:03:33]} 24. Qd3 {[%emt 0:00:41]} Nxc4 {[%emt 0:04:33]} 25. Qxc4 {[%emt 0:00:01]} Rb4 {[%emt 0:01:53]} 26. Qd5 {[%emt 0:00:05]} Rxa4 {[%emt 0:00:55]} 27. bxa4 {[%emt 0:00:07]} Qxg3+ {[%emt 0:00:05]} 28. Qg2 {[%emt 0:00:04]} Qxf4 {[%emt 0:00:08]} 29. Re7 {[%emt 0:01:15]} a5 {[%emt 0:02:39]} 30. Rf1 {[%emt 0:00:49]} Qd6 {[%emt 0:00:08]} 31. Qe4 {[%emt 0:01:04]} c4 {[%emt 0:00:50]} 32. Kg2 {[%emt 0:00:06]} d3 {[%emt 0:00:43]} 33. cxd3 {[%emt 0:00:42]} cxd3 {[%emt 0:00:06]} 34. Rd1 {[%emt 0:00:41]} d2 {[%emt 0:00:54]} 35. Re8 {[%emt 0:00:35]} Bc3 {[%emt 0:01:55]} 36. Rxf8+ {[%emt 0:00:02]} Kxf8 {[%emt 0:00:18]} 37. Qa8+ {[%emt 0:00:23]} Kg7 {[%emt 0:00:12]} 38. Qe4 {[%emt 0:00:02]} h5 {[%emt 0:01:24]} 39. Qf3 {[%emt 0:00:04]} Bb4 {[%emt 0:00:13]} 40. Qe4 {[%emt 0:00:00]} f5 {[%emt 0:00:00]} 41. Qb7+ {[%emt 0:03:00]} Kh6 {[%emt 0:00:52]} 42. Qf3 {[%emt 0:00:23]} Qe5 {[%emt 0:01:15]} 43. Rf1 {[%emt 0:02:37]} g5 {[%emt 0:01:55]} 44. Qd3 {[%emt 0:01:42]} Kg6 {[%emt 0:03:19]} 45. Rd1 {[%emt 0:06:19]} g4 {[%emt 0:02:31]} 46. h4 {[%emt 0:01:15]} Qe6 {[%emt 0:09:31]} 47. Rf1 {[%emt 0:02:16]} Qc6+ {[%emt 0:00:53]} 48. Kg1 {[%emt 0:09:25]} Bc5+ {[%emt 0:00:42]} 49. Kh2 {[%emt 0:00:04]} Qd6+ {[%emt 0:00:04]} 0-1

[Event "46th GRE-chT Premier 2018"]
[Site "Rio Achaia"]
[Date "2018.07.10"]
[Round "1"]
[White "Spyropoulos, Nikolaos"]
[Black "Rousos, Stamatios"]
[Result "1-0"]
[WhiteElo "2293"]
[BlackElo "1700"]
[Annotator "NA"]
[PlyCount "51"]
[EventDate "2018.07.10"]
[EventType "team-tourn"]
[EventCountry "GRE"]
[SourceTitle "playchess.com"]
[Source "ChessBase"]
[SourceQuality "1"]
[TimeControl "40/5400+30:1800+30"]

1. e4 {[%emt 0:00:00]} c5 {[%emt 0:00:00]} 2. Nf3 {[%emt 0:00:00]} d6 {[%emt 0:00:00]} 3. d4 {[%emt 0:00:00]} cxd4 {[%emt 0:00:04]} 4. Nxd4 {[%emt 0:00:00]} Nf6 {[%emt 0:00:22]} 5. Nc3 {[%emt 0:00:00]} Nc6 {[%emt 0:00:27]} 6. Bg5 {[%emt 0:00:00]} e6 {[%emt 0:00:20]} 7. Qd3 {[%emt 0:00:00]} Be7 {[%emt 0:01:02]} 8. O-O-O {[%emt 0:00:26]} O-O {[%emt 0:01:49]} 9. h4 {[%emt 0:01:37]} h6 {[%emt 0:01:10]} 10. Nxc6 {[%emt 0:01:53]} bxc6 {[%emt 0:00:06]} 11. Be2 {[%emt 0:00:28]} Rb8 {[%emt 0:08:05]} 12. Qg3 {[%emt 0:09:05]} hxg5 {[%emt 0:52:33]} 13. hxg5 {[%emt 0:00:31]} Nh7 {[%emt 0:01:23]} 14. f4 {[%emt 0:03:53]} Bxg5 {[%emt 0:03:52]} 15. fxg5 {[%emt 0:04:32]} Qxg5+ {[%emt 0:00:09]} 16. Qxg5 {[%emt 0:00:05]} Nxg5 {[%emt 0:00:04]} 17. Rh5 {[%emt 0:18:21]} f6 {[%emt 0:00:36]} 18. Rxd6 {[%emt 0:00:07]} c5 {[%emt 0:06:25]} 19. Rc6 {[%emt 0:08:46]} Bb7 {[%emt 0:00:45]} 20. Rxc5 {[%emt 0:00:15]} Bxe4 {[%emt 0:05:15]} 21. Rhxg5 {[%emt 0:03:28]} fxg5 {[%emt 0:00:06]} 22. Nxe4 {[%emt 0:00:04]} Rf4 {[%emt 0:03:57]} 23. Re5 {[%emt 0:07:10]} Kf7 {[%emt 0:02:17]} 24. Bc4 {[%emt 0:01:22]} Rb6 {[%emt 0:01:14]} 25. g3 {[%emt 0:01:27]} Rg4 {[%emt 0:00:45]} 26. Be2 {[%emt 0:00:08]} 1-0

[Event "46th GRE-chT Premier 2018"]
[Site "Rio Achaia"]
[Date "2018.07.10"]
[Round "1"]
[White "Cibickova, Zuzana"]
[Black "Richterova, Natasa"]
[Result "1/2-1/2"]
[WhiteElo "2292"]
[BlackElo "2146"]
[Annotator "NA"]
[PlyCount "82"]
[EventDate "2018.07.10"]
[EventType "team-tourn"]
[EventCountry "GRE"]
[SourceTitle "playchess.com"]
[Source "ChessBase"]
[SourceQuality "1"]
[TimeControl "40/5400+30:1800+30"]

1. e4 {[%emt 0:00:00]} c6 {[%emt 0:00:41]} 2. Nf3 {[%emt 0:00:21]} d5 {[%emt 0:00:11]} 3. Nc3 {[%emt 0:00:19]} g6 {[%emt 0:02:14]} 4. h3 {[%emt 0:02:39]} Bg7 {[%emt 0:00:24]} 5. d4 {[%emt 0:00:14]} e6 {[%emt 0:05:32]} 6. Bf4 {[%emt 0:10:03]} Nd7 {[%emt 0:03:30]} 7. Qd2 {[%emt 0:02:35]} Ne7 {[%emt 0:06:53]} 8. O-O-O {[%emt 0:06:48]} Qa5 {[%emt 0:00:52]} 9. Kb1 {[%emt 0:09:38]} dxe4 {[%emt 0:03:41]} 10. Nxe4 {[%emt 0:03:38]} Qxd2 {[%emt 0:00:14]} 11. Nd6+ {[%emt 0:00:20]} Kf8 {[%emt 0:00:09]} 12. Bxd2 {[%emt 0:04:31]} Nf5 {[%emt 0:06:14]} 13. Nxf5 {[%emt 0:07:51]} exf5 {[%emt 0:01:38]} 14. d5 {[%emt 0:22:45]} cxd5 {[%emt 0:03:14]} 15. Bb4+ {[%emt 0:00:32]} Kg8 {[%emt 0:00:12]} 16. Rxd5 {[%emt 0:01:32]} Bf6 {[%emt 0:00:27]} 17. Bd6 {[%emt 0:08:55]} Kg7 {[%emt 0:00:50]} 18. Bb5 {[%emt 0:01:15]} Nb6 {[%emt 0:03:56]} 19. Rdd1 {[%emt 0:01:54]} a6 {[%emt 0:00:57]} 20. Bd3 {[%emt 0:00:26]} Re8 {[%emt 0:05:08]} 21. Rhe1 {[%emt 0:00:37]} Rxe1 {[%emt 0:00:53]} 22. Rxe1 {[%emt 0:00:03]} Be6 {[%emt 0:00:08]} 23. Be5 {[%emt 0:01:48]} Bd5 {[%emt 0:07:09]} 24. b3 {[%emt 0:05:55]} Bxf3 {[%emt 0:01:50]} 25. gxf3 {[%emt 0:00:08]} Bxe5 {[%emt 0:00:13]} 26. Rxe5 {[%emt 0:00:04]} Kf6 {[%emt 0:00:12]} 27. Re1 {[%emt 0:02:31]} Nd5 {[%emt 0:00:46]} 28. c4 {[%emt 0:01:24]} Nf4 {[%emt 0:00:45]} 29. Bf1 {[%emt 0:00:02]} Rd8 {[%emt 0:01:09]} 30. Kc2 {[%emt 0:00:15]} Ne6 {[%emt 0:00:38]} 31. Kc3 {[%emt 0:01:14]} Kg5 {[%emt 0:00:53]} 32. b4 {[%emt 0:01:40]} Kf4 {[%emt 0:00:59]} 33. Bg2 {[%emt 0:00:41]} b6 {[%emt 0:00:31]} 34. h4 {[%emt 0:01:51]} h6 {[%emt 0:01:43]} 35. a4 {[%emt 0:01:00]} Rd7 {[%emt 0:02:46]} 36. a5 {[%emt 0:01:06]} bxa5 {[%emt 0:00:15]} 37. bxa5 {[%emt 0:00:01]} Nd4 {[%emt 0:03:03]} 38. Rb1 {[%emt 0:00:49]} Ne2+ {[%emt 0:17:53]} 39. Kc2 {[%emt 0:00:01]} Nd4+ {[%emt 0:00:10]} 40. Kc3 {[%emt 0:00:00]} Ne2+ {[%emt 0:00:00]} 41. Kc2 {[%emt 0:00:48]} Nd4+ {[%emt 0:17:35]} 1/2-1/2

[Event "46th GRE-chT Premier 2018"]
[Site "Rio Achaia"]
[Date "2018.07.10"]
[Round "1"]
[White "Giannoulakis, Lampros"]
[Black "Kapnisis, Spyridon"]
[Result "0-1"]
[WhiteElo "2287"]
[BlackElo "2456"]
[Annotator "ChessBase"]
[PlyCount "88"]
[EventDate "2018.07.10"]
[EventType "team-tourn"]
[EventCountry "GRE"]
[SourceTitle "playchess.com"]
[Source "ChessBase"]
[SourceQuality "1"]
[TimeControl "40/5400+30:1800+30"]

1. d4 {[%emt 0:00:00]} d5 {[%emt 0:00:02]} 2. c4 {[%emt 0:02:16]} c6 {[%emt 0:00:18]} 3. cxd5 {[%emt 0:00:41]} cxd5 {[%emt 0:00:04]} 4. Bf4 {[%emt 0:00:10]} Nc6 {[%emt 0:04:04]} 5. e3 {[%emt 0:00:17]} Nf6 {[%emt 0:03:04]} 6. Nc3 {[%emt 0:00:43]} a6 {[%emt 0:00:08]} 7. Bd3 {[%emt 0:02:11]} Bg4 {[%emt 0:00:20]} 8. Nge2 {[%emt 0:00:06]} e6 {[%emt 0:03:38]} 9. f3 {[%emt 0:05:47]} Bh5 {[%emt 0:00:14]} 10. g4 {[%emt 0:01:47]} Bg6 {[%emt 0:01:46]} 11. h4 {[%emt 0:00:38]} Be7 {[%emt 0:03:15]} 12. Kf2 {[%emt 0:04:05]} Rc8 {[%emt 0:06:42]} 13. Rc1 {[%emt 0:14:29]} b5 {[%emt 0:12:28]} 14. a4 {[%emt 0:17:40]} Bxd3 {[%emt 0:06:46]} 15. Qxd3 {[%emt 0:00:13]} Nb4 {[%emt 0:00:24]} 16. Qd2 {[%emt 0:00:50]} Nd7 {[%emt 0:08:27]} 17. axb5 {[%emt 0:03:53]} Bxh4+ {[%emt 0:14:36]} 18. Kg2 {[%emt 0:00:10]} Be7 {[%emt 0:02:27]} 19. bxa6 {[%emt 0:02:32]} Nxa6 {[%emt 0:04:46]} 20. Rh5 {[%emt 0:21:15]} Nb4 {[%emt 0:05:55]} 21. Rch1 {[%emt 0:02:31]} Nf8 {[%emt 0:00:26]} 22. e4 {[%emt 0:03:04]} dxe4 {[%emt 0:05:23]} 23. fxe4 {[%emt 0:00:08]} Qd7 {[%emt 0:03:29]} 24. Kg3 {[%emt 0:02:22]} f6 {[%emt 0:04:48]} 25. d5 {[%emt 0:11:04]} g5 {[%emt 0:05:10]} 26. Be3 {[%emt 0:00:34]} Ng6 {[%emt 0:01:12]} 27. Nd4 {[%emt 0:01:12]} exd5 {[%emt 0:02:19]} 28. Nf5 {[%emt 0:00:28]} Bd6+ {[%emt 0:00:32]} 29. Kg2 {[%emt 0:00:46]} Nh4+ {[%emt 0:00:51]} 30. R5xh4 {[%emt 0:00:50]} gxh4 {[%emt 0:00:04]} 31. exd5 {[%emt 0:00:31]} Be5 {[%emt 0:00:39]} 32. Bf4 {[%emt 0:02:08]} Rg8 {[%emt 0:00:54]} 33. Bxe5 {[%emt 0:00:33]} Rxg4+ {[%emt 0:00:07]} 34. Kh2 {[%emt 0:00:16]} Qxf5 {[%emt 0:00:28]} 35. Bd6 {[%emt 0:00:35]} Nd3 {[%emt 0:00:51]} 36. Qe2+ {[%emt 0:00:34]} Kf7 {[%emt 0:00:16]} 37. Rf1 {[%emt 0:00:28]} Nf4 {[%emt 0:00:48]} 38. Bxf4 {[%emt 0:00:37]} Rxf4 {[%emt 0:00:19]} 39. Qe6+ {[%emt 0:00:10]} Kg6 {[%emt 0:00:19]} 40. Rg1+ {[%emt 0:00:00]} Kh6 {[%emt 0:00:00]} 41. Qe3 {[%emt 0:02:53]} Re8 {[%emt 0:04:53]} 42. Qd2 {[%emt 0:00:45]} Kh5 {[%emt 0:00:45]} 43. Qd1+ {[%emt 0:05:37]} Rf3 {[%emt 0:00:58]} 44. Rg2 {[%emt 0:01:08]} Qf4+ {[%emt 0:00:45]} 0-1

[Event "46th GRE-chT Premier 2018"]
[Site "Rio Achaia"]
[Date "2018.07.10"]
[Round "1"]
[White "Michaelides, Konstantinos"]
[Black "Kalogeris, Ioannis"]
[Result "0-1"]
[WhiteElo "2282"]
[BlackElo "2339"]
[Annotator "NA"]
[PlyCount "102"]
[EventDate "2018.07.10"]
[EventType "team-tourn"]
[EventCountry "GRE"]
[SourceTitle "playchess.com"]
[Source "ChessBase"]
[SourceQuality "1"]
[TimeControl "40/5400+30:1800+30"]

1. d4 {[%emt 0:00:00]} Nf6 {[%emt 0:00:00]} 2. c4 {[%emt 0:00:00]} e6 {[%emt 0:00:01]} 3. g3 {[%emt 0:00:23]} c5 {[%emt 0:00:33]} 4. Nf3 {[%emt 0:00:26]} cxd4 {[%emt 0:01:01]} 5. Nxd4 {[%emt 0:00:15]} Qc7 {[%emt 0:00:44]} 6. Nd2 {[%emt 0:00:51]} Nc6 {[%emt 0:01:21]} 7. Nb5 {[%emt 0:01:19]} Qb8 {[%emt 0:08:41]} 8. Bg2 {[%emt 0:01:19]} a6 {[%emt 0:02:59]} 9. Nc3 {[%emt 0:00:28]} b5 {[%emt 0:02:29]} 10. O-O {[%emt 0:04:00]} Be7 {[%emt 0:03:45]} 11. a4 {[%emt 0:10:46]} b4 {[%emt 0:03:17]} 12. Nce4 {[%emt 0:01:22]} Bb7 {[%emt 0:28:32]} 13. Nb3 {[%emt 0:05:59]} Ne5 {[%emt 0:04:07]} 14. Qc2 {[%emt 0:09:22]} Nxe4 {[%emt 0:08:21]} 15. Bxe4 {[%emt 0:00:08]} Bxe4 {[%emt 0:01:09]} 16. Qxe4 {[%emt 0:00:02]} f5 {[%emt 0:00:25]} 17. Qc2 {[%emt 0:03:26]} h5 {[%emt 0:06:17]} 18. Bf4 {[%emt 0:16:29]} h4 {[%emt 0:05:35]} 19. c5 {[%emt 0:10:13]} hxg3 {[%emt 0:01:05]} 20. hxg3 {[%emt 0:07:45]} g5 {[%emt 0:03:23]} 21. Bxe5 {[%emt 0:01:35]} Qxe5 {[%emt 0:00:05]} 22. Rad1 {[%emt 0:01:20]} Rh7 {[%emt 0:05:51]} 23. Kg2 {[%emt 0:02:17]} Rc8 {[%emt 0:02:11]} 24. Qd3 {[%emt 0:03:11]} Kf7 {[%emt 0:03:42]} 25. Rh1 {[%emt 0:09:42]} Rch8 {[%emt 0:00:03]} 26. Qc2 {[%emt 0:03:28]} g4 {[%emt 0:02:59]} 27. Rxh7+ {[%emt 0:01:34]} Rxh7 {[%emt 0:00:01]} 28. e3 {[%emt 0:03:00]} Qh8 {[%emt 0:00:53]} 29. Nd4 {[%emt 0:00:54]} Rh2+ {[%emt 0:00:41]} 30. Kf1 {[%emt 0:00:09]} Qh3+ {[%emt 0:01:17]} 31. Ke1 {[%emt 0:00:01]} Qg2 {[%emt 0:00:17]} 32. Qe2 {[%emt 0:00:59]} Bxc5 {[%emt 0:00:54]} 33. Nb3 {[%emt 0:01:35]} Rh1+ {[%emt 0:00:37]} 34. Kd2 {[%emt 0:00:01]} Qd5+ {[%emt 0:00:35]} 35. Kc2 {[%emt 0:00:01]} Rxd1 {[%emt 0:01:22]} 36. Qxd1 {[%emt 0:00:02]} Qxd1+ {[%emt 0:00:27]} 37. Kxd1 {[%emt 0:00:01]} Bb6 {[%emt 0:00:48]} 38. a5 {[%emt 0:03:17]} Ba7 {[%emt 0:01:06]} 39. Kc2 {[%emt 0:01:05]} Ke7 {[%emt 0:01:01]} 40. Nc1 {[%emt 0:00:00]} Kd6 {[%emt 0:00:00]} 41. Nd3 {[%emt 0:02:33]} Bc5 {[%emt 0:11:32]} 42. Kb3 {[%emt 0:01:05]} Kd5 {[%emt 0:00:30]} 43. Nf4+ {[%emt 0:15:44]} Ke4 {[%emt 0:02:31]} 44. Ng6 {[%emt 0:02:19]} Bd6 {[%emt 0:02:52]} 45. Nh8 {[%emt 0:04:43]} Kf3 {[%emt 0:00:52]} 46. Nf7 {[%emt 0:00:07]} Bc7 {[%emt 0:00:09]} 47. Kxb4 {[%emt 0:01:32]} Kxf2 {[%emt 0:00:08]} 48. Ka4 {[%emt 0:00:27]} Kxg3 {[%emt 0:00:20]} 49. b4 {[%emt 0:00:06]} Kf2 {[%emt 0:00:13]} 50. b5 {[%emt 0:00:26]} axb5+ {[%emt 0:00:04]} 51. Kxb5 {[%emt 0:00:01]} Bxa5 {[%emt 0:00:10]} 0-1